00458nam a2200145 a 4500008004100000020001500041050002000056100002100076245008200097260004800179300002100227350000900248650001200257650004300269120416s1995 ||||||||||||||||| || u a0660615363 aGN 345.7.C3 Kea aKealey, Daniel J10aCross-cultural effectiveness: a study of Canadian technical advisors overseas aOttawabCanadian Foreign Service Instc1995 avi, 180p. : ill. a0.00 aCULTURE aHUMAN SERVICES--CROSS CULTURAL STUDIES